000 00723nam a22002537a 4500
001 20949
003 UA-OsUOA
005 20210729141425.0
007 ta
008 20031107b un ||||| |||| 00| 0 ukr d
020 _a5862480161
040 _aUA-OsUOA
_bukr
_cUA-OsUOA
_dUA-OsUOA
041 _aukr
044 _aUA
080 _a94(477)
090 _a94(477)
_bВ27
245 _aВелика історія України від найдавніших часів: у 2-х томах
_cупор. М. Голубець
260 _aКиїв
_bГлобус
_c1993
300 _a352 с.
505 _gТ. 1
650 7 _a9 Географія. Біографії. Історія
_2UDC
942 _cBK
_2udc
955 _a2
999 _c307138
_d307138